| 000 | 01002nam a22002417a 4500 | ||
|---|---|---|---|
| 005 | 20140115115045.0 | ||
| 010 | _aENG-109009-010 | ||
| 020 |
_a9789351430535(set) _c3195.00(set of 2 vols.) |
||
| 020 |
_a9789351430360 _c3195.00(set of 2 vols.) |
||
| 020 |
_a9789351430377 _c3195.00(set of 2 vols.) |
||
| 035 | _aEN-92542-543 | ||
| 037 | _bDBAD/PUB | ||
| 082 | _a344.540189143 | ||
| 100 | _aPatel, Vithalbhai B. | ||
| 245 |
_aLaw on industrial disputes : _bby Vithalbhai B. Patel _cwith central & state rules / |
||
| 250 | _a4th updated ed by Gyanendran Saran in collabration with Deepak V. Patel [and] Devendra Chauhan | ||
| 260 |
_aGurgaon _bLexis Nexis _c2014 |
||
| 270 |
_a14th floor, Building No 10, Tower-B, DLF Cyber City, Phase-ll, _bGurgaon _e122002 |
||
| 300 |
_a2V.(cccxxiv,1053,1-64p.; Lxiii,1054-2280; 1-64p.) _c25cm(Hb) |
||
| 500 | _aIncludes index | ||
| 505 | _av.1-Sections 1-21 ; v.2.-sections 22 to end & appendices | ||
| 942 |
_2ddc _cEN _mPAT _h344.540189143 |
||
| 999 |
_c81490 _d81490 |
||